| 000 | 00347nam a22001337a 4500 | ||
|---|---|---|---|
| 008 | 170818b xxu||||| |||| 00| 0 eng d | ||
| 020 | _a9780471365464 | ||
| 041 | _aeng | ||
| 080 |
_24 ED _a51 |
||
| 100 | _a37 | ||
| 101 | _aMAT | ||
| 245 |
_aTEACHING AND LEARNING ELEMENTARY AND MIDDDLE SCHOOL MATHEMATICS _cJENSEN.L |
||
| 942 |
_2udc _cBK |
||
| 999 |
_c24091 _d24091 |
||